The regulatory challenge of biotechnology : human genetics, food and patents

Αποθηκεύτηκε σε:
Λεπτομέρειες βιβλιογραφικής εγγραφής
Άλλοι συγγραφείς: Somsen, Han (Επιμελητής έκδοσης)
Μορφή: Βιβλίο
Γλώσσα:English
Δημοσίευση: Cheltenham : Edward Elgar, 2007
Σειρά:Biotechnology regulation series
Θέματα:
Ετικέτες: Προσθήκη ετικέτας
Δεν υπάρχουν, Καταχωρήστε ετικέτα πρώτοι!

MARC

LEADER 00000nam a2200000 i 4500
001 1/90372
008 080702s2007 eng d
020 |a 978-184542-489-3 
035 |l 10098656 
040 |a GR-MY-UA  |b gre  |e aacr 
041 0 |a eng 
082 0 |a 343.0786606  |2 (22) 
245 1 4 |a The regulatory challenge of biotechnology :  |b human genetics, food and patents /  |c edited by Han Somsen 
260 |a Cheltenham :   |b Edward Elgar,   |c 2007 
300 |a xxiv, 265 σ.;  |b πίν., σχ. ;  |c 24 εκ.  
490 1 |a Biotechnology regulation series 
504 |a Περιέχει βιβλιογραφικές αναφορές 
504 |a Ευρετήριο: σ. 257-265 
650 0 0 |a Biotechnology industries  |x Law and legislation. 
650 0 0 |a Biotechnology industries  |x State supervision. 
650 0 0 |a Biotechnology  |x Law and legislation. 
650 0 0 |a Genetic engineering  |x Law and legislation. 
700 1 |a Somsen, Han.  |4 edt 
830 0 |a Biotechnology regulation series 
852 |a INST  |b LESVOS  |e 20080702  |h 343.0786606 REG  |p 005100042680  |q 005100042680  |t BK  |y 0 
901 |a BIBL1-2008-2 
909 |a Λ  |b 152129 
922 |a 1ΕΛΗ  |b 200803  |c ΕΠΕΑΕΚ2/ΤΠ  |d ΕΛΕΥΘΕΡΟΥΔΑΚΗΣ 
970 |a ΧΑΤΖΗΜΙΧΑΗΛ  |b ΜΑΡΙΑ  |z 2008/07/02